| 000 | 00646nam a2200133 a 4500 | ||
|---|---|---|---|
| 008 | 140528s2010 ||||||||||||||||| || u | ||
| 050 | _aTHESIS/MBA | ||
| 100 | _aMhango, Masozi Lusungu | ||
| 245 | 1 | 4 |
_aThe role human resource department plays in managing organizational diversity: a case of select mining and associated companies _cby Masozi Lusungu Mhango |
| 260 |
_aKitwe: _bCopperbelt University (CBU) _c2010 |
||
| 300 | _axv, 145p.: ill. | ||
| 650 | _aORGANIZATIONAL DIVERSITY--HUMAN RESOURCE DEPARTMENT | ||
| 995 |
_FCBU-MAIN LIBRARY (Kitwe) _M1 _UAVAILABLE _WMay 28, 2014 _ZUniversity Collection |
||
| 999 |
_c56648 _d56648 |
||